NFL Starting Quarterbacks 2023 - Statistiken

Allgemein
  • Dieses Quiz wurde 831 mal gespielt
  • Das Durchschnittsergebnis liegt bei 25 aus 32
Antwortstatistiken
Team Antwort % Korrekt
Kansas City Chiefs Patrick Mahomes
98%
Baltimore Ravens Lamar Jackson
96%
Cincinnati Bengals Joe Burrow
93%
Buffalo Bills Josh Allen
93%
New York Jets Aaron Rodgers
90%
San Francisco 49ers Brock Purdy / Trey Lance
89%
Miami Dolphins Tua Tagovailoa
88%
Denver Broncos Russell Wilson
87%
Philadelphia Eagles Jalen Hurts
86%
Minnesota Vikings Kirk Cousins
85%
Jacksonville Jaguars Trevor Lawrence
85%
Green Bay Packers Jordan Love
84%
New England Patriots Mac Jones
84%
New York Giants Daniel Jones
83%
Detroit Lions Jared Goff / Hendon Hooker
83%
Los Angeles Chargers Justin Herbert
83%
Los Angeles Rams Matthew Stafford
83%
Dallas Cowboys Dak Prescott
82%
Arizona Cardinals Kyler Murray
80%
Tampa Bay Buccaneers Kyle Trask / Baker Mayfield
80%
Houston Texans C.J. Stroud
79%
Seattle Seahawks Geno Smith
77%
Chicago Bears Justin Fields
77%
New Orleans Saints Derek Carr
76%
Cleveland Browns Deshaun Watson
75%
Tennessee Titans Ryan Tannehill / Will Levis
69%
Carolina Panthers Bryce Young
65%
Indianapolis Colts Anthony Richardson
64%
Pittsburgh Steelers Kenny Pickett
62%
Las Vegas Raiders Jimmy Garoppolo
52%
Atlanta Falcons Desmond Ridder
50%
Washington Commanders Sam Howell / Jacoby Brissett
49%
Keine übereinstimmenden Quizze gefunden
Verteilung der Resultate
Anzahl Personen mit jedem Resultat
Perzentil nach korrekt beantworteten Fragen
Ihre Resultats-Entwicklung
Sie haben dieses Quiz noch nicht gespielt